1446 1657 1475 1791 1243 1875 1372 1902 1237 1577 1288 1136 1415 1698 1202 1033 1728 1196 1204 1788 1321 1958 1454 1568 1216 1939 1498 1268 1129 1930 1026 1980 1655 1957 1163 1307 1406 1178 1123 1553 1892 1844 1567 1303 1076 1028 1196 1858 1183 1709 1559 1831 1280 1827 1756 1743 1871 1037 1698 1134 1573 1878 1169 1619 1551 1699 1344 1075 1539 1028 1281 1943 1358 1590 1320 1830 1886 1662 1444 1407 1608 1104 1635 1577 1081 1468 1376 1515 1390 1790 1829 1603 1327 1770 1545 1767 1282 1105 1051 BCNSPRNW ULIB Ver.6.0+V

เปลี่ยนเป็นภาษาไทย

Change to English
 แสดงรายละเอียดบรรณานุกรม
  กลับหน้าหลัก

Brief Record : Get Marc (ISO 2709) : E-mail record : QR code < ปิดหน้าต่าง
LEADER : 00000nam 2200000uu 4500
001    13399125135
003     ULIB
008    161006s2550||||th 000 0 tha d
050  4 ^aBQ4195^bห313ธ
100 0  ^aหลวงพ่อพิชัย สุธมฺมสุชาโต
245 10 ^aธรรมที่พ่อสอนลูก /^cหลวงพ่อพิชัย สุธมฺมสุชาโต
250    ^aพิมพ์ครั้งที่ 1
260    ^aกรุงเทพฯ :^bธรรมสภา,^c[2550]
650  7 ^aธรรมเทศนา
650  7 ^aธรรมะกับชีวิตประจำวัน
945    ^p0^l0^i001377
945    ^p0^l0^i001378
945    ^p0^l0^i001379
945    ^p0^l0^i001380
945    ^p0^l0^i001381
945    ^p0^l0^i001382
945    ^p0^l0^i001383
999    ^aณรีรัตน์ วารุกา
รายการนี้ยังไม่มีแท็ก
คุณยังไม่ได้ล็อกอิน คุณสามารถมีกิจกรรมร่วมกับเว็บไซต์ได้ แต่ต้องล็อกอินก่อน ::
  ล็อกอิน

รายการสื่อสารสนเทศ

ลำดับที่ ประเภท เลขเรียก/บาร์โค้ด สถานที่ สถานะ
1. วิทยาศาสตร์การแพทย์ และสุขภาพ
วิทยาศาสตร์การแพทย์ และสุขภาพ
BQ4195 ห313ธ ฉ.1 
  Barcode: 001377
ห้องสมุดวิทยาเขตสวรรค์ประชารักษ์
►หนังสือทั่วไป
บนชั้น
2. วิทยาศาสตร์การแพทย์ และสุขภาพ
วิทยาศาสตร์การแพทย์ และสุขภาพ
BQ4195 ห313ธ ฉ.2 
  Barcode: 001378
ห้องสมุดวิทยาเขตสวรรค์ประชารักษ์
►หนังสือทั่วไป
บนชั้น
3. วิทยาศาสตร์การแพทย์ และสุขภาพ
วิทยาศาสตร์การแพทย์ และสุขภาพ
BQ4195 ห313ธ ฉ.3 
  Barcode: 001379
ห้องสมุดวิทยาเขตสวรรค์ประชารักษ์
►หนังสือทั่วไป
บนชั้น
4. วิทยาศาสตร์การแพทย์ และสุขภาพ
วิทยาศาสตร์การแพทย์ และสุขภาพ
BQ4195 ห313ธ ฉ.4 
  Barcode: 001380
ห้องสมุดวิทยาเขตสวรรค์ประชารักษ์
►หนังสือทั่วไป
บนชั้น
5. วิทยาศาสตร์การแพทย์ และสุขภาพ
วิทยาศาสตร์การแพทย์ และสุขภาพ
BQ4195 ห313ธ ฉ.5 
  Barcode: 001381
ห้องสมุดวิทยาเขตสวรรค์ประชารักษ์
►หนังสือทั่วไป
บนชั้น
6. วิทยาศาสตร์การแพทย์ และสุขภาพ
วิทยาศาสตร์การแพทย์ และสุขภาพ
BQ4195 ห313ธ ฉ.6 
  Barcode: 001382
ห้องสมุดวิทยาเขตสวรรค์ประชารักษ์
►หนังสือทั่วไป
บนชั้น
7. วิทยาศาสตร์การแพทย์ และสุขภาพ
วิทยาศาสตร์การแพทย์ และสุขภาพ
BQ4195 ห313ธ ฉ.7 
  Barcode: 001383
ห้องสมุดวิทยาเขตสวรรค์ประชารักษ์
►หนังสือทั่วไป
บนชั้น

รายการใกล้เคียง
    หัวเรื่อง [ธรรมเทศนา]
    หัวเรื่อง [ธรรมะกับชีวิตประจำวัน]

BibComment


ยังไม่เคยถูกคอมเมนท์

คอมเมนท์ทรัพยากรรายการนี้
  คอมเมนท์: ธรรมที่พ่อสอนลูก..


 Copyright 2026. Bcnsprnw @Library